00365pab a2200133 454500008004000000100002100040245007100061260000900132300001400141362001000155650002000165650001200185773003400197180718b2007 xxu||||| |||| 00| 0 eng d aGottlob, Michael aIndia's unity in diversity as a question of historical perspective c2007 ap.779-89. a3 Mar aIndia - History aHistory aEconomic and Political Weekly